Auditoria energetica del sistema electrico de Industrias Cerdas S.A
Αποθηκεύτηκε σε:
| Κύριος συγγραφέας: | |
|---|---|
| Άλλοι συγγραφείς: | |
| Μορφή: | Βιβλίο |
| Έκδοση: |
San José, C.R.
2001
|
| Θέματα: | |
| Ετικέτες: |
Προσθήκη ετικέτας
Δεν υπάρχουν, Καταχωρήστε ετικέτα πρώτοι!
|
MARC
| LEADER | 00000nam a2200000Ia 4500 | ||
|---|---|---|---|
| 003 | 008711 | ||
| 005 | 20221231144202.0 | ||
| 008 | 140114s2000 cr a m 000 ||s d | ||
| 040 | |c cru CEDI | ||
| 090 | |a TFG 4301 | ||
| 100 | |a Badilla Salas,Gustavo |9 7813 | ||
| 245 | |a Auditoria energetica del sistema electrico de Industrias Cerdas S.A | ||
| 260 | |c 2001 |a San José, C.R. | ||
| 300 | |a xiv, 158 hojas : ilustraciones, hojas plegables, | ||
| 500 | |a Proyecto de graduación (bachillerato en ingeniería eléctrica)--Universidad de Costa Rica. Facultad de Ingeniería. Escuela de Ingeniería Eléctrica | ||
| 650 | |x CONSUMO DE ENERGIA |x ENERGIA ELECTRICA |x AUDITORIA ENERGETICA |9 7814 | ||
| 700 | |9 2079 |a Soto Leandro, Felipe | ||
| 942 | |c TFG | ||
| 999 | |c 18137 |d 18137 | ||
